Регионална библиотека "Любен Каравелов" - Русе

Новата Голяма депресия (Запис номер 438770)

MARC детайли
000 -Лидер
Контролно поле с фиксирана дължина 01371nam a2200337 a 4500
003 - Код на организацията, давaща контролен номер
Контролно поле BLK
005 - Дата и час на последна редакция
Контролно поле 20240406103235.0
008 - Елементи от данни с фиксирана дължина
fixed length control field 202008b bul|||||r ||||||| ||bul||
020 ## - Международен стандартен номер на книга ISBN
Международен стандартен номер на книга ISBN 9789547714380
040 ## - Източник на каталожния запис
Идентификатор на билиотеката - собственик на записа BLK
041 ## - Код за език
Код за езика на текст/звукозапис или на отделно заглавие Български
Код за езика КДБФ Български
080 ## - УДК
Текстов определител УДК Социално поведение. Социална психология
УДК код - определител по УДК 316.6
УДК - код + определител 316.6
100 1# - Редна дума - Автор
Автор Рикардс, Джеймс
Авторска отговорност първи автор
R(LIN) 116204
139 ## - Редно поле
Редна дума Рикардс, Джеймс
Авторски знак Рик - Р 61
245 10 - Сведения за заглавието
Заглавие Новата Голяма депресия
Редно поле (дума) Джеймс Рикардс ; прев. Камен Велчев
Подзаглавни данни Печеливши и губещи в постпандемичния свят
260 ## - Област на издателските данни
Име на издателя, разпространителя и проч. Кръгозор
Година на издаване 2020
9 (RLIN) 209845
Място на издаване, разпространение и проч. София
300 ## - Физическа характеристика
Страници 238 с.
Размери/Мащаб 21 см
380 ## - Жанр
Жанр Обществени науки
500 ## - Общи забележки
Забележка Ориг. загл.: The new Great depression / James Rickards<br/>
504 ## - Забележка за наличие на библиография и др
Забележка за наличие на библиография и под. Библиогр.: с. 231-237
650 #7 - Допълнително описание по предмет – тема
9 (RLIN) 154975
Основно описание – тема или топоним Епидемии - социалнопсихологични проблеми
653 #7 - Ключова дума – ненормативна
Ключова дума стопански кризи
9 (RLIN) 197511
700 ## - Други автори (авторска отговорност)
Лично име Велчев, Камен Петков
Дати, свързани с автора 1974 -
9 (RLIN) 333727
852 ## - Местоположение
Форматна сигнатура Цб
856 4# - Електронен адрес и достъп
Електронен формат pdf - файл
Инструкция (цена за достъп) 0.00
Права за достъп disable
856 4# - Електронен адрес и достъп
Електронен формат pdf - файл
Инструкция (цена за достъп) 0.00
Права за достъп disable
999 ## - СИСТЕМНИ КОНТРОЛНИ НОМЕРА
Koha biblionumber 438770
Koha biblioitemnumber 438770
942 ## - АРТИКУЛИ
Вид на библиотечния материал Книги
Скрит в OPAC Не
Периодичен библиозапис Да
Koha issues (borrowed), all copies 6
944 ## - СЪЗДАВАНЕ И РЕДАКЦИЯ на ЗАПИСА
Създаване/Редакция Създаване
Дата на регистрацията/редакция 2021-12-02
Служител, извършил регистрацията/редакцията 30575
Статус, дата на статуса Мартин Енчев
999 ## - СИСТЕМНИ КОНТРОЛНИ НОМЕРА
Koha biblioitemnumber 438770
999 ## - СИСТЕМНИ КОНТРОЛНИ НОМЕРА
Koha biblioitemnumber 382359
Наличности
Код за отписване Код за изгубен артикул Източник на класификационната схема Код за повреда Коз за рестрикции Код за отдаване Артикулен № Име на библиотеката - собственик Име на библиотеката, в която се намира в момента Статус (Текущо местоположение) Дата на вписване в системата Местоположение - отдел Цена в лева Систематично азбучна сигнатура Баркод Цена в евро Служебен тип на артикула
  Не е изгубен Universal Decimal Classification Не е повреден само за читалня ползва се в читалня 867956 Регионална библиотека "Любен Каравелов" Русе Регионална библиотека "Любен Каравелов" Русе Хранилище 2022-01-14 Хранилище 18.00 Цб 310133 120000863827 9.20 Книги
  Не е изгубен Universal Decimal Classification Не е повреден без рестрикции заемане за дома 915208 Регионална библиотека "Любен Каравелов" Русе Регионална библиотека "Любен Каравелов" Русе Заемна - подръчен фонд 2022-12-05 Заемна - подръчен фонд 9.00 316.6/Р 61 Д 120000878917 4.60 Книги
Vip Innovations Ltd, Rousse, Bulgaria 2025